| 000 | 00599nam a22002057a 4500 | ||
|---|---|---|---|
| 003 | OSt | ||
| 005 | 20190306113229.0 | ||
| 008 | 190306b xxu||||| |||| 00| 0 fre d | ||
| 040 | _aLB-BrCRDP | ||
| 082 | _a784.07 M288e | ||
| 100 | _aMadeleine Mansion | ||
| 245 | _aL'étude du chant; technique de la voix parlée et chantée. Pédagogie: méthode pratique, exercices expliqués. | ||
| 260 |
_aParis, _bRichard-Masse _c [1956] |
||
| 300 |
_a155p _c24cm |
||
| 630 | _a Singing | ||
| 630 | _a Methods. Chant | ||
| 630 | _aÉtude et enseignement. Voix | ||
| 630 | _aCulture. | ||
| 942 |
_2ddc _cBK |
||
| 999 |
_c22624 _d22624 |
||